000 00731nam a2200229Ia 4500
001 4209
003 GE_BSU
008 181216s||||||||xx |||||||||||||| ||und||
040 _cGE_BSU
080 _a620.179.11(075)
100 _aСубботин,С.С. Соколова,Н.Г. Брюханов О.Ф. и др.
245 _aДефектоскопия нефтяного оборудования.
245 _bУчеб. пособия.
245 _cРед. изд-во Л.Ф.Маклакова.
260 _aМ.
260 _bНедра.
260 _c1975.
300 _a264 стр. 23 см.
300 _e15 табл.
653 _aДефектоскопия нефтяного оборудования.
942 _cBK
999 _c38219
_d38219